000 00955nam a2200253Ia 4500
003 OSt
005 20221005104955.0
006 a|||||r|||| 00| 0
007 ta
008 221004b |||||||| |||| 00| 0 hin d
020 _a9788185999906 (hbk)
_c295
024 _a100780
037 _b368, 04/03/2010, Swaraj Prakashan
_cTextual
040 _aCRL
_cCRL
_bhin
041 _2hin
_ahin
082 _aO152,1M96:g(Y5927), Q0
100 _aवशिष्ट, बृज किशोर
245 0 _aनिराला साहित्य में दलित - चेतना
246 _aNirālā sāhitya mean dalit - chetanā
260 _aदिल्ली
_bस्वराज प्रकाशन भारत
_c2010
300 _a168पृ0
_ccm.
942 _hO152,1M96:g(Y5927), Q0
_cTEXL
_2cc
999 _c1014353
_d1014353